-
Cnossen and Sinn werner Hans
Entry Personal Name
Number of records used in: 2
001 - CONTROL NUMBER
003 - CONTROL NUMBER IDENTIFIER
005 - DATE AND TIME OF LATEST TRANSACTION
- control field:
20180316165923.0
008 - FIXED-LENGTH DATA ELEMENTS
- fixed length control field:
180316|| aca||aabn | a|a d
040 ## - CATALOGING SOURCE
- Original cataloging agency:
OSt
- Transcribing agency:
OSt
100 ## - HEADING--PERSONAL NAME
- Personal name:
Cnossen and Sinn werner Hans
670 ## - SOURCE DATA FOUND
- Source citation:
Work cat.: (OSt)434: Cnossen and Sinn werner Hans, Public Finance & Public Policy in the New Century, 2004